Culture and capture of fish in Chinese reservoirs
Uloženo v:
| Hlavní autoři: | , |
|---|---|
| Médium: | Kniha |
| Jazyk: | angličtina |
| Vydáno: |
Ottawa
International Development Research Centre
1995
|
| Témata: | |
| Tagy: |
Přidat tag
Žádné tagy, Buďte první, kdo vytvoří štítek k tomuto záznamu!
|
MARC
| LEADER | 00000nam a2200000 a 4500 | ||
|---|---|---|---|
| 001 | UCZ6427 | ||
| 003 | CL-VaPUC | ||
| 008 | 951211e19950000CN |||||||||||||||||eng|d | ||
| 082 | 0 | 4 | |a 639.31 |b SIF |2 21 |
| 100 | 0 | |a Sifa, Li |e author |9 350711 | |
| 700 | 0 | |a Senlin, Xu |e author |9 350712 | |
| 245 | 1 | 0 | |a Culture and capture of fish in Chinese reservoirs |
| 300 | |a 128 p | ||
| 942 | |c BK | ||
| 945 | |d 19951211 00:00:00 |a rleighto | ||
| 260 | |a Ottawa |b International Development Research Centre |c 1995 | ||
| 650 | 7 | |a PECES |2 CL-VaPUC |9 350713 | |
| 650 | 0 | |a Morfología |9 334440 | |
| 650 | 0 | |a Hidrología |9 261396 | |
| 650 | 0 | |a Cultivo |9 264268 | |
| 650 | 7 | |a PESCA MARINA |2 CL-VaPUC |9 350714 | |
| 650 | 7 | |a METODOS DE PESCA |2 CL-VaPUC |9 261501 | |
| 650 | 7 | |a RESERVAS NATURALES |2 CL-VaPUC |9 350715 | |
| 651 | 0 | |a China |9 257545 | |
| 583 | |a last modification |c 19951211 00:00:00 |k Rodrigo Vera | ||
| 999 | |c 242630 |d 242628 | ||
| 952 | |0 0 |1 0 |4 0 |6 639_310000000000000_SIF_1995 |7 0 |8 CCM |9 255695 |a BIBCUR |b BIBCUR |d 2019-11-19 |i 3160238 |o 639.31 SIF 1995 |p 3160238 |r 2025-04-22 |w 2019-11-19 |y BK |k CIM | ||